Liverpool F.C. Shirt Sponsors - Statistics

General Stats
  • This quiz has been taken 289 times
  • The average score is 3 of 5
Answer Stats
Years Sponsor % Correct
1992 - 2010 Carlsberg
90%
2010 - Standard Chartered
78%
1988 - 1992 Candy
71%
1982 - 1988 Crown Paints
56%
1979 - 1982 Hitachi
50%
No matching quizzes found
Score Distribution
Percent of People with Each Score
Percentile by Number Answered
Your Score History
You have not taken this quiz